Statistics for eSports: League of Legends

Click here to take the quiz!

General Stats

  • This quiz has been taken 324 times
  • The average score is 12 of 30

Answer Stats

RankingRegionTeam% Correct
1KoreaSKT T1
99%
26EuropeFnatic
93%
2USACloud 9
92%
4USATeam Solo Mid
92%
8EuropeG2 Esports
92%
3KoreaSamsung Galaxy
62%
10ChinaRoyal Never Give Up
62%
17USACounter Logic Gaming
56%
6EuropeH2K Gaming
49%
29ChinaInvictus Gaming
49%
14EuropeMisfits
48%
5ChinaEdward Gaming
45%
7KoreaKT Rolster
44%
19EuropeSplyce
41%
11USAImmortals
36%
30EuropeTeam Vitality
35%
9KoreaROX Tigers
34%
12EuropeUnicorns of Love
33%
21KoreaLongzhu Gaming
27%
13USAFlyQuest eSports
17%
27KoreaAfreeca Freecs
16%
20ChinaWorld Elite
13%
28USAPhoenix1
11%
25ChinaLGD
10%
16ChinaI May
8%
18ChinaSnake
7%
23KoreaMVP
7%
22ChinaVici Gaming
6%
24KoreaBBQ OLIVERS
3%
15ChinaQiao Gu Reapers
1%

Score Distribution

Percentile by Number Answered

Percent of People with Each Score

Your Score History

You have not taken this quiz